| 000 | 03795cam a22006018i 4500 | ||
|---|---|---|---|
| 001 | 1955 | ||
| 003 | OCoLC | ||
| 005 | 20260413162019.0 | ||
| 007 | ta | ||
| 008 | 250925t20262026nyua c 000 1 eng | ||
| 010 | _a 2025007452 | ||
| 040 |
_aDLC _beng _erda _cDLC _dBDX _dIG# _dYDX _dOCLCO _dCHILD _dLE# _dOCLCO _dJAS _dBKL _dJBI _dVPW |
||
| 019 | _a1523047250 | ||
| 020 |
_a9780823456352 _q(hardcover) : _c$19.00 |
||
| 020 |
_a0823456358 _q(hardcover) |
||
| 035 |
_a(OCoLC)1523048473 _z(OCoLC)1523047250 |
||
| 042 | _apcc | ||
| 050 | 0 | 0 |
_aPZ7.1.U86 _bMi 2026 |
| 082 | 0 | 4 |
_a813.6 _223 |
| 082 | 1 | 4 |
_a[Fic] _223 |
| 092 |
_aJ Fic _bUss |
||
| 049 | _aVPW1 | ||
| 100 | 1 |
_aUss, Christina, _eauthor. _4aut _4http://id.loc.gov/vocabulary/relators/aut _1https://id.oclc.org/worldcat/entity/E39PCjtkkYFff69WqP9bRw3vpP _1http://id.loc.gov/rwo/agents/n2017051081 |
|
| 245 | 1 | 0 |
_aMidnight mayhem / _cChristina Uss. |
| 250 | _aFirst edition. | ||
| 264 | 1 |
_aNew York : _bHoliday House, _c[2026] |
|
| 264 | 4 | _c©2026 | |
| 300 |
_a164 pages : _billustrations ; _c22 cm |
||
| 334 |
_asingle unit _bmono _0http://id.loc.gov/vocabulary/issuance/mono |
||
| 336 |
_atext _btxt _2rdacontent _0http://id.loc.gov/vocabulary/contentTypes/txt |
||
| 337 |
_aunmediated _bn _2rdamedia _0http://id.loc.gov/vocabulary/mediaTypes/n |
||
| 338 |
_avolume _bnc _2rdacarrier _0http://id.loc.gov/vocabulary/carriers/nc |
||
| 385 |
_mAge group _nage _aPreteens _2lcdgt _0http://id.loc.gov/authorities/demographicTerms/dg2015060394 |
||
| 520 | _aInsomnia enables eleven-year-olds Kaz and Floyd to wreak havoc on a sleeping Philadelphia, but Kaz risks losing his best friend forever when he discovers an antidote for his sleeplessness. | ||
| 520 |
_a"One weird breakfast can change your life forever. Kaz Jakobsen knows things will never be the same after his family's sudden move to Philadelphia. He'll have to make new friends, which isn't his strong suit. But an even bigger change arrives at a restaurant where he orders a bagel sandwich. Kaz eats a potent combo of the world's greenest mustard and rootiest root beer ... and loses his ability to sleep. Scientifically, brain + no sleep = kablammo. The longest a human insomniac has gone without sleep is eleven days. What will happen to Kaz without sleep for more than seventy years? How will he survive the lonely boredom? Kaz luckily meets Floyd, a fellow non-sleeping kid. Floyd thinks being sleepless is a superpower, a chance to try a million new things. He takes Kaz on madcap midnight adventures, introducing him to all the things kids are allowed to do at night in Philadelphia. And a few things they aren't. The bad news: His ideas always seem to lead to mayhem. Kaz wants to keep Floyd's friendship but lose the mayhem. When he learns there's an antidote to a lifetime awake, he has a tough choice to make. If Kaz cures his sleeplessness, will he lose the best friend he's ever had?"-- _cPage 4 of cover. |
||
| 521 | 1 |
_aAges 8-12 _bHoliday House. |
|
| 521 | 2 |
_aGrades 4-6 _bHoliday House. |
|
| 650 | 0 |
_aBest friends _vJuvenile fiction. |
|
| 650 | 0 |
_aFriendship _vJuvenile fiction. |
|
| 650 | 0 |
_aInsomnia _vJuvenile fiction. |
|
| 650 | 1 |
_aBest friends _vFiction. |
|
| 650 | 1 |
_aFriendship _vFiction. |
|
| 650 | 1 |
_aInsomnia _vFiction. |
|
| 650 | 6 |
_aAmis _0(CaQQLa)201-0338476 _vRomans, nouvelles, etc. pour la jeunesse. _0(CaQQLa)201-0376960 |
|
| 650 | 6 |
_aAmitié _0(CaQQLa)201-0002453 _vRomans, nouvelles, etc. pour la jeunesse. _0(CaQQLa)201-0376960 |
|
| 650 | 6 |
_aInsomnie _0(CaQQLa)201-0033718 _vRomans, nouvelles, etc. pour la jeunesse. _0(CaQQLa)201-0376960 |
|
| 650 | 7 |
_aBest friends _vFiction. _2sears |
|
| 650 | 7 |
_aFriendship _vFiction. _2sears |
|
| 650 | 7 |
_aInsomnia _vFiction. _2sears |
|
| 655 | 7 |
_aNovels. _2lcgft |
|
| 655 | 7 |
_aFiction. _2lcgft |
|
| 910 | _an26/4 cr | ||
| 999 |
_c1955 _d1955 |
||